| 000 | 01358nam a2200241Ia 4500 | ||
|---|---|---|---|
| 003 | Ost | ||
| 005 | 20260507074907.0 | ||
| 008 | 260507s9999||||xx |||||||||||||| ||und|| | ||
| 040 | _cfsecg | ||
| 041 | _aara | ||
| 082 | _a350 | ||
| 100 |
_aالقزاز، حسين محمد _eمؤلف |
||
| 245 | 0 |
_aحالات إدارية عربية : _bتطوير الجهاز الحكومي والمشروعات العامة في ظروف تنموية جديدة / _c حسين محمد القزاز |
|
| 260 |
_aالقاهرة: _bالمنظمة العربية للتنمية الإدارية, _c1998 |
||
| 300 |
_a231 صفحة؛ _bإيضاحات ؛ _c28 سم |
||
| 490 | _aسلسلة بحوث ودراسات | ||
| 520 | _aشركة الصرح للإستثناءات، المستشفى العام للأمراض العقلية، مصلحة النقل العام، مؤسسة الخطوط الجوية العربية، الشركة العامة للغزل، الإدارة العامة لشرطة الوادي، مرفق الهاتف وكتاب الشهر، مدرسة المستقبل النموذجية، المعهد الوطني والميلاد الجديد | ||
| 653 | _aالإدارة العامة | ||
| 653 | _aالحكومة | ||
| 653 | _aالمشروعات العامة | ||
| 700 |
_aعاشور، أحمد صقر _eمؤلف ثانوي |
||
| 942 | _cكتاب | ||
| 999 |
_c41706 _d41706 |
||